[Event "4NCL/Div1/NWE1 vs. SLOS1"]
[Site "Birmingham ENG"]
[Date "2006.04.30"]
[Round "10.1"]
[White "Dgebuadze, Alexandre"]
[Black "Schenk, Andreas"]
[Result "1/2-1/2"]
[WhiteElo "2535"]
[BlackElo "2503"]
[PlyCount "47"]
[EventDate "2006.04.30"]
[EventType "team"]
[EventRounds "11"]
[EventCountry "ENG"]
[WhiteTeam "N W Eagles 1"]
[BlackTeam "Slough Sharks 1"]

1. e4 c5 2. Nf3 d6 3. d4 cxd4 4. Nxd4 Nf6 5. Nc3 a6 6. Be3 e6 7. f3 b5 8. g4 h6
9. Qd2 b4 10. Na4 Nbd7 11. h4 d5 12. exd5 Nxd5 13. O-O-O Bb7 14. Bc4 Qa5 15.
Bb3 Rd8 16. Rhe1 Be7 17. g5 hxg5 18. Bxg5 N7f6 19. f4 Qc7 20. Kb1 Rd7 21. Qf2
O-O 22. h5 Rfd8 23. h6 gxh6 24. Qg1 1/2-1/2

[Event "4NCL/Div1/NWE1 vs. SLOS1"]
[Site "Birmingham ENG"]
[Date "2006.04.30"]
[Round "10.2"]
[White "Pert, Nicholas"]
[Black "Quillan, Gary"]
[Result "1-0"]
[WhiteElo "2494"]
[BlackElo "2356"]
[PlyCount "81"]
[EventDate "2006.04.30"]
[EventType "team"]
[EventRounds "11"]
[EventCountry "ENG"]
[WhiteTeam "Slough Sharks 1"]
[BlackTeam "N W Eagles 1"]

1. d4 e6 2. c4 Nf6 3. Nf3 c5 4. d5 exd5 5. cxd5 d6 6. Nc3 g6 7. Bf4 a6 8. a4
Bg7 9. e4 O-O 10. Be2 Bg4 11. O-O Bxf3 12. Bxf3 Qe7 13. e5 dxe5 14. Bg5 Nbd7
15. d6 Qe6 16. Bxb7 Ra7 17. Bc6 h6 18. Be3 Rc8 19. Bd5 Qf5 20. a5 Rb8 21. f3
Rxb2 22. Bb3 Rxb3 23. Qxb3 Qd3 24. Bf2 Qxd6 25. Rfd1 Qc7 26. Ra2 Nf8 27. Qb6
Ne6 28. Rd6 Ne8 29. Qxc7 N8xc7 30. Rb2 Bf8 31. Rd7 Ra8 32. Rb6 Rc8 33. Rc6 Rb8
34. Rcxc7 Nxc7 35. Rxc7 Rb3 36. Be1 Ra3 37. Ne4 Ra1 38. Kf2 Ra2+ 39. Kg3 Re2
40. Bf2 Ra2 41. Bxc5 1-0

[Event "4NCL/Div1/NWE1 vs. SLOS1"]
[Site "Birmingham ENG"]
[Date "2006.04.30"]
[Round "10.3"]
[White "Sebag, Marie"]
[Black "Jones, Gawain C B"]
[Result "1-0"]
[WhiteElo "2434"]
[BlackElo "2410"]
[PlyCount "153"]
[EventDate "2006.04.30"]
[EventType "team"]
[EventRounds "11"]
[EventCountry "ENG"]
[WhiteTeam "N W Eagles 1"]
[BlackTeam "Slough Sharks 1"]

1. e4 c5 2. c3 Nf6 3. e5 Nd5 4. d4 cxd4 5. Nf3 e6 6. cxd4 d6 7. Bc4 Nc6 8. O-O
Be7 9. Qe2 O-O 10. Nc3 Nxc3 11. bxc3 dxe5 12. dxe5 Qa5 13. Qe4 Qa4 14. Bg5 h6
15. Bxe7 Nxe7 16. Rfb1 Bd7 17. Bd3 Qxe4 18. Bxe4 Bc6 19. Bxc6 bxc6 20. Rb7 Ng6
21. Rab1 Rfd8 22. c4 Rd3 23. Rc7 Ra3 24. Rb2 Rc3 25. h4 Rxc4 26. Rbb7 Rf8 27.
g3 a5 28. h5 Nh8 29. Ra7 Rc5 30. Kg2 g6 31. Nd4 Rxe5 32. Nxc6 Rxh5 33. Nxa5 Rd5
34. Nc6 Kg7 35. a4 g5 36. a5 Ng6 37. a6 Ne5 38. Nxe5 Rxe5 39. Rab7 Ra5 40. a7
g4 41. Kf1 Ra2 42. Ke1 Kg6 43. Rc4 h5 44. Rb8 Ra1+ 45. Ke2 Ra2+ 46. Kf1 Rxa7
47. Rxf8 Ra5 48. Rf4 Ra7 49. Rg8+ Kh7 50. Rg5 Kh6 51. Rb5 Kg6 52. Rfb4 Ra1+ 53.
Ke2 Ra2+ 54. Ke3 Ra3+ 55. Rb3 Ra4 56. Re5 Ra6 57. Rbb5 f5 58. Ra5 Rb6 59. Reb5
Rc6 60. Rb7 Rc3+ 61. Ke2 Kf6 62. Rh7 Kg6 63. Raa7 Rc2+ 64. Kf1 Rc8 65. Rag7+
Kf6 66. Rc7 Ra8 67. Rxh5 Ra1+ 68. Kg2 Ra6 69. Rh6+ Kg5 70. Rhh7 Kf6 71. Rhf7+
Kg6 72. Rf8 Rb6 73. Re7 Ra6 74. Kf1 Ra1+ 75. Ke2 Ra2+ 76. Ke3 Ra3+ 77. Kd4 1-0

[Event "4NCL/Div1/NWE1 vs. SLOS1"]
[Site "Birmingham ENG"]
[Date "2006.04.30"]
[Round "10.4"]
[White "McNab, Colin A"]
[Black "Morrison, Graham"]
[Result "1/2-1/2"]
[WhiteElo "2437"]
[BlackElo "2326"]
[PlyCount "82"]
[EventDate "2006.04.30"]
[EventType "team"]
[EventRounds "11"]
[EventCountry "ENG"]
[WhiteTeam "Slough Sharks 1"]
[BlackTeam "N W Eagles 1"]

1. c4 Nf6 2. Nf3 c5 3. g3 b6 4. Bg2 Bb7 5. d3 e6 6. e4 d6 7. Nc3 Be7 8. O-O O-O
9. b3 a6 10. Bb2 Qc7 11. Rc1 Re8 12. h3 Bf8 13. Nh4 Nc6 14. f4 Nd4 15. Ne2 e5
16. Nxd4 exd4 17. Rc2 g6 18. Bc1 Bg7 19. Rcf2 Nd7 20. g4 b5 21. Nf3 bxc4 22.
bxc4 Bc6 23. f5 Rab8 24. Bf4 Rb7 25. Ng5 Ne5 26. Qd2 Qb8 27. Bxe5 dxe5 28. fxg6
fxg6 29. Nf7 Rf8 30. Nh6+ Bxh6 31. Qxh6 Rxf2 32. Rxf2 Qd8 33. Kh2 Qe7 34. Kg3
Rb8 35. h4 Rf8 36. Rxf8+ Qxf8 37. Qg5 Qd6 38. h5 Kg7 39. hxg6 hxg6 40. Qd2 Qd8
41. g5 Bd7 1/2-1/2

[Event "4NCL/Div1/NWE1 vs. SLOS1"]
[Site "Birmingham ENG"]
[Date "2006.04.30"]
[Round "10.5"]
[White "Hague, Ben"]
[Black "Gourlay, Iain"]
[Result "0-1"]
[WhiteElo "2300"]
[BlackElo "2340"]
[PlyCount "74"]
[EventDate "2006.04.30"]
[EventType "team"]
[EventRounds "11"]
[EventCountry "ENG"]
[WhiteTeam "N W Eagles 1"]
[BlackTeam "Slough Sharks 1"]

1. e4 c5 2. d4 cxd4 3. c3 Nf6 4. e5 Nd5 5. Nf3 e6 6. Bc4 d6 7. cxd4 Nc6 8. O-O
Be7 9. a3 O-O 10. Qe2 Qb6 11. Qe4 Na5 12. Bd3 f5 13. exf6 Nxf6 14. Qh4 Nb3 15.
Ra2 Nxc1 16. Rxc1 Bd7 17. b4 g6 18. Ng5 Nh5 19. g3 h6 20. Qe4 Bxg5 21. Qxg6+
Ng7 22. Rd1 Bf6 23. d5 Bd4 24. Qh7+ Kf7 25. Rad2 Ke7 26. Bc4 Rf7 27. Qxh6 Nf5
28. Qh5 Rh8 29. Qe2 Bxf2+ 30. Qxf2 Ne3 31. Qxf7+ Kxf7 32. dxe6+ Bxe6 33. Rf2+
Ke7 34. Re1 Ng4 35. Rxe6+ Kd7 36. Ree2 Nxf2 37. Rxf2 Rf8 0-1

[Event "4NCL/Div1/NWE1 vs. SLOS1"]
[Site "Birmingham ENG"]
[Date "2006.04.30"]
[Round "10.6"]
[White "Martyn, Rafe"]
[Black "Kennaugh, Charles W"]
[Result "1/2-1/2"]
[WhiteElo "2323"]
[BlackElo "2274"]
[PlyCount "103"]
[EventDate "2006.04.30"]
[EventType "team"]
[EventRounds "11"]
[EventCountry "ENG"]
[WhiteTeam "Slough Sharks 1"]
[BlackTeam "N W Eagles 1"]

1. d4 Nf6 2. c4 c5 3. d5 b5 4. Nf3 bxc4 5. Nc3 d6 6. e4 Nbd7 7. Bxc4 g6 8. O-O
Bg7 9. h3 O-O 10. a4 a5 11. Bg5 Ba6 12. Bb5 Ne8 13. Qe2 Nc7 14. Nd2 h6 15. Bh4
Nb6 16. f4 Bf6 17. Nf3 Bxh4 18. Nxh4 Bxb5 19. axb5 e6 20. Qg4 Kh7 21. dxe6 Nxe6
22. f5 Ng5 23. fxg6+ fxg6 24. Rxf8 Qxf8 25. Nxg6 Kxg6 26. h4 Qe7 27. hxg5 Qxg5
28. Qe6+ Qf6 29. Qg4+ Qg5 30. Qxg5+ hxg5 31. Rd1 Rd8 32. Kf2 Kf6 33. Kg3 Ke6
34. Kg4 Nc4 35. Kxg5 Rg8+ 36. Kf4 Rxg2 37. b3 Nd2 38. Rh1 Rg7 39. Rh6+ Kd7 40.
e5 dxe5+ 41. Kxe5 Nxb3 42. Ne4 Kc7 43. Rc6+ Kb8 44. b6 Kb7 45. Kd5 Ka6 46. Rc7
Rxc7 47. bxc7 Kb7 48. Kd6 Kc8 49. Nc3 Nd4 50. Nd5 Nb5+ 51. Kc6 Nxc7 52. Nxc7
1/2-1/2

[Event "4NCL/Div1/NWE1 vs. SLOS1"]
[Site "Birmingham ENG"]
[Date "2006.04.30"]
[Round "10.8"]
[White "Ignacz, Maria"]
[Black "van der Linden, Lukas"]
[Result "0-1"]
[WhiteElo "2228"]
[BlackElo "2281"]
[PlyCount "100"]
[EventDate "2006.04.30"]
[EventType "team"]
[EventRounds "11"]
[EventCountry "ENG"]
[WhiteTeam "Slough Sharks 1"]
[BlackTeam "N W Eagles 1"]

1. d4 Nf6 2. c4 g6 3. Nf3 Bg7 4. g3 O-O 5. Bg2 c6 6. O-O d5 7. b3 Ne4 8. Bb2
Nd7 9. Nfd2 Ndf6 10. Nc3 Nxc3 11. Bxc3 Bf5 12. Re1 Qd7 13. e4 Nxe4 14. Nxe4
dxe4 15. Bxe4 c5 16. Qf3 Bxe4 17. Rxe4 f5 18. Ree1 cxd4 19. Bb4 Bf6 20. Qd5+
Qxd5 21. cxd5 Kf7 22. Rac1 Rfc8 23. Kf1 b6 24. Ke2 a5 25. Ba3 e5 26. dxe6+ Kxe6
27. Kd3+ Kd5 28. Bb2 b5 29. Red1 g5 30. h3 h5 31. Re1 a4 32. Red1 Be5 33. Re1
g4 34. h4 Rxc1 35. Bxc1 axb3 36. axb3 Ra2 37. Rf1 Ke6 38. Re1 Kd5 39. Rf1 Ra1
40. Re1 Bd6 41. Bd2 Ra3 42. Rb1 Ra8 43. Re1 Be5 44. Rc1 Ra3 45. Rb1 Ra2 46. Be1
f4 47. Rc1 fxg3 48. fxg3 Rb2 49. b4 Rb3+ 50. Ke2 Rf3 0-1

[Event "4NCL/Div1/AD vs. GUI1"]
[Site "Birmingham ENG"]
[Date "2006.04.30"]
[Round "10.1"]
[White "Rogers, Ian"]
[Black "Krasenkow, Michal"]
[Result "1/2-1/2"]
[WhiteElo "2564"]
[BlackElo "2650"]
[PlyCount "96"]
[EventDate "2006.04.30"]
[EventType "team"]
[EventRounds "11"]
[EventCountry "ENG"]
[WhiteTeam "The ADs 1"]
[BlackTeam "Guildford-ADC 1"]

1. e4 g6 2. d4 Bg7 3. c4 d6 4. Nc3 e5 5. dxe5 dxe5 6. Qxd8+ Kxd8 7. f4 Nd7 8.
Nf3 c6 9. Be2 f6 10. O-O Nh6 11. g3 Ke8 12. Kg2 Nf7 13. Be3 Bh6 14. c5 Nf8 15.
Bc4 Be6 16. Nd2 Rd8 17. Bxe6 Nxe6 18. Nc4 Ke7 19. Rae1 Rd3 20. Nd1 exf4 21.
gxf4 Rhd8 22. Nf2 Rxe3 23. Rxe3 Bxf4 24. Rd3 Nxc5 25. Rxd8 Nxd8 26. b4 Nce6 27.
Nd3 Bc7 28. a4 Nd4 29. Rb1 Ne2 30. Rb3 Ne6 31. b5 cxb5 32. axb5 N6d4 33. Rb2 b6
34. Nb4 Nf4+ 35. Kh1 Nxb5 36. e5 Nd4 37. exf6+ Kxf6 38. Rd2 Nde6 39. Rd7 b5 40.
Na3 a5 41. Nxb5 axb4 42. Nxc7 b3 43. Nxe6 Nxe6 44. Rxh7 Nc5 45. Rh8 Ke5 46. Rb8
Kd4 47. Kg2 Kc3 48. Kf3 b2 1/2-1/2

[Event "4NCL/Div1/AD vs. GUI1"]
[Site "Birmingham ENG"]
[Date "2006.04.30"]
[Round "10.3"]
[White "Mestel, A Jonathan"]
[Black "Sutovsky, Emil"]
[Result "0-1"]
[WhiteElo "2491"]
[BlackElo "2628"]
[PlyCount "53"]
[EventDate "2006.04.30"]
[EventType "team"]
[EventRounds "11"]
[EventCountry "ENG"]
[WhiteTeam "The ADs 1"]
[BlackTeam "Guildford-ADC 1"]

1. c4 g6 2. Nc3 Bg7 3. d4 c5 4. d5 Bxc3+ 5. bxc3 f5 6. f3 Nf6 7. Qc2 Qa5 8. Bd2
d6 9. e4 O-O 10. Bd3 Nh5 11. Ne2 fxe4 12. Bxe4 Nd7 13. Bh6 Rf7 14. g4 Ng7 15.
h4 Ne5 16. Rh3 Bd7 17. Nf4 Raf8 18. Ne6 Bxe6 19. dxe6 Nxf3+ 20. Bxf3 Rxf3 21.
Rxf3 Rxf3 22. Bxg7 Kxg7 23. Rc1 Qd8 24. Ke2 Qf8 25. Qe4 Rf4 26. Qd5 Rf2+ 27.
Kd3 0-1

[Event "4NCL/Div1/AD vs. GUI1"]
[Site "Birmingham ENG"]
[Date "2006.04.30"]
[Round "10.4"]
[White "Rowson, Jonathan"]
[Black "Hennigan, Michael T"]
[Result "1-0"]
[WhiteElo "2594"]
[BlackElo "2400"]
[PlyCount "81"]
[EventDate "2006.04.30"]
[EventType "team"]
[EventRounds "11"]
[EventCountry "ENG"]
[WhiteTeam "Guildford-ADC 1"]
[BlackTeam "The ADs 1"]

1. d4 Nf6 2. c4 g6 3. Nc3 Bg7 4. e4 d6 5. f3 O-O 6. Be3 c5 7. dxc5 dxc5 8. Qxd8
Rxd8 9. Bxc5 Nc6 10. Ba3 a5 11. Rd1 Be6 12. Rxd8+ Rxd8 13. Nd5 Nb4 14. Nxb4
axb4 15. Bxb4 Nd7 16. f4 Bxb2 17. Nf3 Ra8 18. Bd3 Rxa2 19. Bb1 Ra1 20. Kd2 Nb6
21. Rd1 Nxc4+ 22. Ke2 Nd6 23. e5 Nc8 24. Rd8+ Kg7 25. Bc2 Ba3 26. Bxa3 Rxa3 27.
Nd4 Bg4+ 28. Kf2 Nb6 29. Be4 Bc8 30. Bf3 Rc3 31. Re8 e6 32. Rd8 Rc5 33. Nb3 Rc3
34. Nd2 Nd5 35. Ne4 Rc2+ 36. Kg3 b5 37. Nd6 Nb6 38. Ne8+ Kh6 39. Nf6 g5 40. Rg8
gxf4+ 41. Kh4 1-0

[Event "4NCL/Div1/AD vs. GUI1"]
[Site "Birmingham ENG"]
[Date "2006.04.30"]
[Round "10.5"]
[White "Jirka, Jiri"]
[Black "Conquest, Stuart C"]
[Result "0-1"]
[WhiteElo "2393"]
[BlackElo "2505"]
[PlyCount "90"]
[EventDate "2006.04.30"]
[EventType "team"]
[EventRounds "11"]
[EventCountry "ENG"]
[WhiteTeam "The ADs 1"]
[BlackTeam "Guildford-ADC 1"]

1. d4 Nf6 2. c4 e6 3. g3 c5 4. d5 exd5 5. cxd5 b5 6. f3 d6 7. e4 Bd7 8. a4 bxa4
9. Na3 Na6 10. Ne2 Qc8 11. Nc3 Be7 12. Nc4 O-O 13. Bf4 Ne8 14. Be2 Nb4 15. O-O
f6 16. Nxa4 Rf7 17. Qd2 Qd8 18. Nc3 Bf8 19. g4 Kh8 20. Bg3 Bc8 21. f4 Bb7 22.
Rad1 Nc7 23. Ne3 Qe8 24. f5 Ba6 25. Bxa6 Nbxa6 26. Ng2 Nb5 27. Qd3 Rb8 28. Nf4
Nb4 29. Qd2 Rfb7 30. Ne6 c4 31. Nxb5 Qxb5 32. g5 Nd3 33. Bh4 Be7 34. Qe2 fxg5
35. Bxg5 Bxg5 36. Nxg5 Qe8 37. f6 gxf6 38. Rxf6 Rg7 39. h4 Qe5 40. Rdf1 Rbg8
41. R6f5 Qg3+ 42. Qg2 Qxh4 43. Nf7+ Rxf7 44. Rxf7 Rxg2+ 45. Kxg2 Ne1+ 0-1

[Event "4NCL/Div1/AD vs. GUI1"]
[Site "Birmingham ENG"]
[Date "2006.04.30"]
[Round "10.6"]
[White "King, Daniel J"]
[Black "Cernousek, Lukas"]
[Result "1-0"]
[WhiteElo "2522"]
[BlackElo "2422"]
[PlyCount "73"]
[EventDate "2006.04.30"]
[EventType "team"]
[EventRounds "11"]
[EventCountry "ENG"]
[WhiteTeam "Guildford-ADC 1"]
[BlackTeam "The ADs 1"]

1. e4 c5 2. Nf3 d6 3. d4 Nf6 4. Nc3 cxd4 5. Qxd4 Bd7 6. Nd5 Nc6 7. Nxf6+ gxf6
8. Qe3 Rg8 9. Bd2 Qc7 10. O-O-O Rc8 11. Kb1 a6 12. Rc1 Ne5 13. Nxe5 dxe5 14. g3
Rg6 15. Bd3 e6 16. f4 b5 17. Qf3 a5 18. f5 exf5 19. exf5 Rg8 20. Be4 a4 21. a3
Bc6 22. Rhe1 Qb7 23. Bxc6+ Qxc6 24. Re4 Qd5 25. Rxe5+ Qxe5 26. Re1 Bd6 27. Qd5
Kf8 28. Rxe5 Bxe5 29. Qxb5 Ra8 30. Bh6+ Ke7 31. Qb7+ Kd6 32. Bd2 Bd4 33. Bb4+
Ke5 34. Qb5+ Ke4 35. Qd3+ Ke5 36. c3 Ba7 37. Bd6# 1-0

[Event "4NCL/Div1/AD vs. GUI1"]
[Site "Birmingham ENG"]
[Date "2006.04.30"]
[Round "10.7"]
[White "Richardson, John R"]
[Black "Hebden, Mark L"]
[Result "0-1"]
[WhiteElo "2356"]
[BlackElo "2523"]
[PlyCount "120"]
[EventDate "2006.04.30"]
[EventType "team"]
[EventRounds "11"]
[EventCountry "ENG"]
[WhiteTeam "The ADs 1"]
[BlackTeam "Guildford-ADC 1"]

1. d4 Nf6 2. c4 g6 3. g3 Bg7 4. Bg2 O-O 5. Nc3 d6 6. Nf3 Nc6 7. O-O Rb8 8. h3
a6 9. e4 b5 10. e5 Nd7 11. cxb5 axb5 12. Ng5 Bb7 13. e6 Nxd4 14. exd7 Qxd7 15.
Be3 c5 16. Bxd4 cxd4 17. Ne2 e5 18. Nc1 Rfc8 19. Nb3 h6 20. Nf3 d3 21. Qd2 e4
22. Ne1 Qe6 23. Rd1 Qe5 24. Nxd3 exd3 25. Bxb7 Rxb7 26. Qxd3 Qxb2 27. Rd2 Qa3
28. Qxd6 Qxd6 29. Rxd6 Ra8 30. Rd2 Rba7 31. Nc1 h5 32. Rfd1 Bh6 33. Rb2 Ra5 34.
Kf1 Bf8 35. Nd3 Rd8 36. Rdd2 b4 37. Ke2 Bg7 38. Rbc2 Bc3 39. Rd1 Rda8 40. Nc1
h4 41. Rd3 hxg3 42. fxg3 Rh5 43. h4 Rf5 44. Re3 Kg7 45. Re4 Rfa5 46. Kf3 Rd8
47. Kg2 Rd1 48. Nb3 Rad5 49. a3 Be1 50. axb4 R5d3 51. Nc5 Rxg3+ 52. Kh2 Ra3 53.
Rg2 Rb1 54. b5 Bb4 55. Rc4 Ba5 56. Nb7 Bb6 57. Nd6 Rd3 58. Rc6 Ba7 59. Ne8+ Kh6
60. Rc8 Rxb5 0-1

[Event "4NCL/Div1/AD vs. GUI1"]
[Site "Birmingham ENG"]
[Date "2006.04.30"]
[Round "10.8"]
[White "Ciuksyte, Dagne"]
[Black "Bellin, Jana"]
[Result "1-0"]
[WhiteElo "2423"]
[BlackElo "2170"]
[PlyCount "39"]
[EventDate "2006.04.30"]
[EventType "team"]
[EventRounds "11"]
[EventCountry "ENG"]
[WhiteTeam "Guildford-ADC 1"]
[BlackTeam "The ADs 1"]

1. e4 c5 2. Nf3 e6 3. d3 Nc6 4. g3 d5 5. Qe2 Nge7 6. Bg2 dxe4 7. dxe4 Ng6 8.
O-O Be7 9. e5 Qc7 10. Re1 Bd7 11. h4 h5 12. c3 O-O-O 13. Na3 a6 14. Nc4 Na5 15.
Nxa5 Qxa5 16. Ng5 Bxg5 17. Bxg5 Rdf8 18. b4 cxb4 19. cxb4 Qxe5 20. Rac1+ 1-0

[Event "4NCL/Div1/BET vs. HKF1"]
[Site "Birmingham ENG"]
[Date "2006.04.30"]
[Round "10.1"]
[White "Johannessen, Leif E"]
[Black "Wells, Peter K"]
[Result "1-0"]
[WhiteElo "2559"]
[BlackElo "2495"]
[PlyCount "75"]
[EventDate "2006.04.30"]
[EventType "team"]
[EventRounds "11"]
[EventCountry "ENG"]
[WhiteTeam "Betsson.com"]
[BlackTeam "H Kingfisher 1"]

1. d4 Nf6 2. c4 e6 3. Nc3 Bb4 4. Qc2 O-O 5. a3 Bxc3+ 6. Qxc3 b6 7. Bg5 Bb7 8.
Nf3 d6 9. Nd2 Nbd7 10. e3 c5 11. dxc5 bxc5 12. f3 a5 13. Bd3 Qb6 14. Bh4 d5 15.
Bf2 Ba6 16. O-O Rfd8 17. Rab1 Nf8 18. Bh4 d4 19. exd4 cxd4 20. Qc2 Ng6 21. Bxf6
gxf6 22. b4 Rac8 23. c5 Bxd3 24. Qxd3 Qc6 25. Ne4 f5 26. Nd6 Rxd6 27. cxd6 Qxd6
28. Kh1 Nf4 29. Qd2 e5 30. b5 d3 31. Rfc1 Rb8 32. a4 e4 33. fxe4 fxe4 34. Qe3
f5 35. Qg3+ Kf7 36. Rf1 d2 37. Rbd1 Rg8 38. Qb3+ 1-0

[Event "4NCL/Div1/BET vs. HKF1"]
[Site "Birmingham ENG"]
[Date "2006.04.30"]
[Round "10.2"]
[White "Andersson, Ulf"]
[Black "Ansell, Simon"]
[Result "1-0"]
[WhiteElo "2545"]
[BlackElo "2400"]
[PlyCount "109"]
[EventDate "2006.04.30"]
[EventType "team"]
[EventRounds "11"]
[EventCountry "ENG"]
[WhiteTeam "H Kingfisher 1"]
[BlackTeam "Betsson.com"]

1. Nf3 d5 2. d4 Nf6 3. c4 c6 4. cxd5 cxd5 5. Nc3 Nc6 6. Bf4 e6 7. e3 Be7 8. h3
O-O 9. Bd3 b6 10. O-O Bb7 11. a3 Rc8 12. Qe2 Na5 13. Nd2 Bd6 14. Bxd6 Qxd6 15.
Rac1 Qe7 16. Rc2 Ne8 17. b4 Nc6 18. Rfc1 Nd6 19. Nb5 Nxb5 20. Bxb5 Qd6 21. Nf3
f6 22. Rc3 Ne7 23. Rxc8 Rxc8 24. Rxc8+ Bxc8 25. Qc2 Bd7 26. Bd3 h6 27. Qc3 Qc6
28. Qxc6 Bxc6 29. Nd2 g5 30. f4 gxf4 31. exf4 Kf7 32. Kf2 Nc8 33. b5 Be8 34.
Ke3 Nd6 35. a4 Kg7 36. g4 Bg6 37. Bxg6 Kxg6 38. Kd3 h5 39. Ke2 hxg4 40. hxg4
Ne4 41. Nf1 Kf7 42. Ne3 Ke7 43. Nd1 Nd6 44. Nb2 Ne4 45. Nd3 Kd7 46. Ke3 Nd6 47.
Nf2 Ke7 48. Ke2 Nc4 49. Nd3 Nd6 50. Nb4 Kd7 51. g5 fxg5 52. fxg5 Nc4 53. Nc6
Ke8 54. Nxa7 Kf7 55. Nc6 1-0

[Event "4NCL/Div1/BET vs. HKF1"]
[Site "Birmingham ENG"]
[Date "2006.04.30"]
[Round "10.3"]
[White "Ledger, Andrew J"]
[Black "Greet, Andrew N"]
[Result "1-0"]
[WhiteElo "2430"]
[BlackElo "2418"]
[PlyCount "87"]
[EventDate "2006.04.30"]
[EventType "team"]
[EventRounds "11"]
[EventCountry "ENG"]
[WhiteTeam "Betsson.com"]
[BlackTeam "H Kingfisher 1"]

1. e4 c5 2. Nc3 Nc6 3. Bb5 Nd4 4. Bc4 e6 5. Nge2 Nf6 6. O-O Qc7 7. d3 a6 8.
Nxd4 cxd4 9. Ne2 Nxe4 10. Nxd4 Nf6 11. Bb3 b5 12. Qe2 Bb7 13. h3 Bc5 14. Be3
O-O 15. Nf3 a5 16. a4 b4 17. Rac1 Rfc8 18. Rfe1 Be7 19. Bg5 Qc5 20. Ne5 Rd8 21.
c3 bxc3 22. bxc3 h6 23. d4 Qb6 24. Bxf6 gxf6 25. Nxf7 Kxf7 26. Rb1 Qc7 27. d5
Rg8 28. Qh5+ Rg6 29. Bc2 Rag8 30. c4 Bc8 31. dxe6+ dxe6 32. Bxg6+ Rxg6 33. Rb5
Qc6 34. f3 Bb4 35. Re4 f5 36. Ree5 Kg7 37. c5 Ba6 38. Rb6 Qc7 39. Rxa6 Qxe5 40.
Ra7+ Kf6 41. Qh4+ Rg5 42. Qxh6+ Rg6 43. Qh4+ Rg5 44. Qh8+ 1-0

[Event "4NCL/Div1/BET vs. HKF1"]
[Site "Birmingham ENG"]
[Date "2006.04.30"]
[Round "10.4"]
[White "Williams, Simon K"]
[Black "Duncan, Christopher R"]
[Result "1-0"]
[WhiteElo "2478"]
[BlackElo "2332"]
[PlyCount "65"]
[EventDate "2006.04.30"]
[EventType "team"]
[EventRounds "11"]
[EventCountry "ENG"]
[WhiteTeam "H Kingfisher 1"]
[BlackTeam "Betsson.com"]

1. e4 c5 2. a3 b6 3. Nc3 g6 4. h4 h5 5. d4 cxd4 6. Qxd4 Nf6 7. Bb5 Bg7 8. e5
Ng4 9. Qe4 Nc6 10. e6 f5 11. Qd5 Nf6 12. Qf3 Nd4 13. Qxa8 Nxc2+ 14. Ke2 Nxa1
15. Bg5 Nb3 16. Nf3 Nc5 17. exd7+ Bxd7 18. Qxd8+ Kxd8 19. Ne5 Kc8 20. Nxg6 Re8
21. Bxd7+ Nfxd7 22. Nxe7+ Kb7 23. Re1 Ne4 24. Nxe4 fxe4 25. Nf5 Be5 26. Rd1 Kc7
27. b4 b5 28. Be7 a6 29. Rc1+ Kb6 30. Rc2 Nf6 31. Nd6 Rg8 32. Bxf6 Bxf6 33. g3
1-0

[Event "4NCL/Div1/BET vs. HKF1"]
[Site "Birmingham ENG"]
[Date "2006.04.30"]
[Round "10.5"]
[White "Webb, Laurence E"]
[Black "Arkell, Keith C"]
[Result "1/2-1/2"]
[WhiteElo "2336"]
[BlackElo "2475"]
[PlyCount "176"]
[EventDate "2006.04.30"]
[EventType "team"]
[EventRounds "11"]
[EventCountry "ENG"]
[WhiteTeam "Betsson.com"]
[BlackTeam "H Kingfisher 1"]

1. e4 c6 2. d4 d5 3. e5 c5 4. dxc5 Nc6 5. Bb5 e6 6. Be3 Nge7 7. c3 Bd7 8. Bxc6
Bxc6 9. Nf3 Nf5 10. Bd4 Nxd4 11. Qxd4 a5 12. O-O a4 13. Nbd2 Qa5 14. b4 axb3
15. Nxb3 Qa4 16. Qb4 Be7 17. Nfd4 g6 18. Rfe1 O-O 19. a3 Rfc8 20. h3 Rc7 21.
Nxc6 Qxc6 22. a4 Bxc5 23. Nxc5 Qxc5 24. Reb1 Qa7 25. Rb3 Rc4 26. Qb5 Rf4 27.
Ra2 Re4 28. a5 Qb8 29. f4 Qa7+ 30. Kh2 Qe3 31. g3 Qf3 32. Rg2 Re1 33. Rb1 Rxb1
34. Qxb1 Qxc3 35. Qxb7 Qxa5 36. h4 Qa7 37. Qc6 Qa6 38. Qd7 Qc8 39. Qe7 Qd8 40.
Qb7 Rb8 41. Qa7 Ra8 42. Qb7 Rc8 43. Ra2 Qc7 44. Qxc7 Rxc7 45. Kg2 Kg7 46. Ra6
Kh6 47. Kh3 Rc2 48. Kg4 Rf2 49. Rd6 Kg7 50. h5 Kh6 51. hxg6 Kxg6 52. Rd7 h5+
53. Kh3 Kg7 54. Kh4 Kh6 55. Kh3 Kg6 56. Re7 Rd2 57. Rd7 Ra2 58. g4 Ra3+ 59. Kh4
hxg4 60. Kxg4 Ra1 61. Kf3 f6 62. exf6 Kxf6 63. Rb7 Rf1+ 64. Ke3 Rh1 65. Kf3 Rg1
66. Rd7 Rg7 67. Rd6 Ra7 68. Kg4 Rb7 69. Rd8 Ke7 70. Rh8 Rb4 71. Kf3 Rb3+ 72.
Ke2 Rg3 73. Rh6 d4 74. Kf2 Re3 75. Rg6 Rh3 76. Ke2 Kf7 77. Rg1 Kf6 78. Rg5 Rh2+
79. Kd3 Rf2 80. Ke4 Rd2 81. Ra5 Rd1 82. Ra4 d3 83. Ke3 Kf5 84. Ra5+ Kg4 85.
Rg5+ Kh3 86. Rg6 Kh2 87. Rg5 d2 88. Ke2 Rf1 1/2-1/2

[Event "4NCL/Div1/BET vs. HKF1"]
[Site "Birmingham ENG"]
[Date "2006.04.30"]
[Round "10.6"]
[White "Trent, Lawrence"]
[Black "Eames, Robert G"]
[Result "1-0"]
[WhiteElo "2423"]
[BlackElo "2311"]
[PlyCount "75"]
[EventDate "2006.04.30"]
[EventType "team"]
[EventRounds "11"]
[EventCountry "ENG"]
[WhiteTeam "H Kingfisher 1"]
[BlackTeam "Betsson.com"]

1. d4 Nf6 2. Bg5 e6 3. Nd2 h6 4. Bh4 d5 5. e3 c5 6. c3 Be7 7. Bd3 O-O 8. Ngf3
b6 9. Ne5 Ba6 10. Bxa6 Nxa6 11. Nc6 Qd7 12. Nxe7+ Qxe7 13. O-O Nc7 14. f4 Nce8
15. g4 Nd6 16. Qe1 Qd7 17. Bxf6 gxf6 18. Qh4 Kg7 19. Rf2 Rh8 20. Rg2 Rag8 21.
Re1 Qb5 22. Nf1 Ne4 23. Ng3 Nxg3 24. Qxg3 Qd3 25. f5 exf5 26. Qc7 Kh7 27. Qxf7+
Rg7 28. Qxd5 fxg4 29. e4 Rhg8 30. Qf5+ Kh8 31. Qxf6 Qf3 32. Qxh6+ Rh7 33. Qd6
Rh3 34. Rf2 Qd3 35. Qe5+ Kh7 36. Rf7+ Kh6 37. Qf6+ Rg6 38. Qh8+ 1-0

[Event "4NCL/Div1/BET vs. HKF1"]
[Site "Birmingham ENG"]
[Date "2006.04.30"]
[Round "10.7"]
[White "Ledger, David J"]
[Black "Berzinsh, Roland"]
[Result "1/2-1/2"]
[WhiteElo "2252"]
[BlackElo "2451"]
[PlyCount "119"]
[EventDate "2006.04.30"]
[EventType "team"]
[EventRounds "11"]
[EventCountry "ENG"]
[WhiteTeam "Betsson.com"]
[BlackTeam "H Kingfisher 1"]

1. e4 e5 2. Bc4 Nf6 3. d3 Nc6 4. Nf3 h6 5. O-O d6 6. c3 g6 7. Re1 Bg7 8. h3 O-O
9. Bb3 Qe7 10. Nbd2 Nd8 11. d4 Nh7 12. Nc4 Ng5 13. Ne3 Nde6 14. Nd5 Qd8 15.
dxe5 dxe5 16. Nxg5 hxg5 17. Qf3 c6 18. Ne3 a5 19. Rd1 Qe7 20. Nc4 Qc7 21. Be3
a4 22. Nb6 Ra6 23. Nxa4 c5 24. Rd5 b6 25. Qe2 Qc6 26. Qd1 Qa8 27. f3 Re8 28.
Rd6 Qa7 29. Bxe6 Bxe6 30. Rd8 Qe7 31. Rxe8+ Qxe8 32. b3 Bf6 33. Qd6 Be7 34.
Qxe5 Qd8 35. Re1 Bf6 36. Qg3 g4 37. Bf2 gxh3 38. gxh3 Ra7 39. c4 Bxc4 40. Nxc5
bxc5 41. bxc4 Rxa2 42. e5 Rxf2 43. exf6 Rc2 44. Qh4 Qd4+ 45. Qxd4 cxd4 46. Re8+
Kh7 47. Rf8 d3 48. Rxf7+ Kg8 49. Rd7 d2 50. Kf1 Rxc4 51. Rxd2 Rf4 52. Kg2 Rxf6
53. Rd7 Rf5 54. Kg3 Kf8 55. Kg4 Kg8 56. f4 Kf8 57. h4 Ra5 58. Rh7 Rb5 59. Rc7
Ra5 60. Rb7 1/2-1/2